[Event "Rheinland-chT Seniors 1617"]
[Site "Germany"]
[Date "2017.01.26"]
[Round "5"]
[White "Lemme, Klaus"]
[Black "Steger, Wolfgang"]
[Result "1/2-1/2"]
[WhiteElo "1755"]
[BlackElo "1796"]
[PlyCount "98"]
[EventDate "2016.10.06"]
[EventType "team-tourn"]
[EventRounds "7"]
[EventCountry "GER"]
[SourceTitle "EXT 2018"]
[Source "ChessBase"]
[SourceDate "2017.10.13"]
[SourceVersion "1"]
[SourceVersionDate "2017.10.13"]
[SourceQuality "1"]

1. e4 c5 2. Nc3 e6 3. Nf3 a6 4. d3 Nc6 5. g3 b6 6. Bg2 Bb7 7. 0-0 Nge7 8. Ng5 Nd4 9. f4 h6 10. Nh3 Qc7 11. Be3 d5 12. exd5 Ndf5 13. Bf2 Nxd5 14. Nxd5 exd5 15. Re1+ Ne7 16. d4 c4 17. c3 0-0-0 18. Qf3 g6 19. b3 Kb8 20. bxc4 dxc4 21. Qxb7+ Qxb7 22. Bxb7 Kxb7 23. Be3 Nd5 24. Bd2 Bd6 25. Re2 Rhe8 26. Rae1 Rxe2 27. Rxe2 Kc6 28. Kf2 Ba3 29. Be1 Rd7 30. Rc2 Re7 31. Bd2 f5 32. Ng1 Nf6 33. Bc1 Ng4+ 34. Kg2 Ne3+ 35. Bxe3 Rxe3 36. Nf3 Kd5 37. Kf2 Re6 38. Ne1 b5 39. Nf3 a5 40. Nd2 Rc6 41. Nf3 b4 42. cxb4 axb4 43. Ne5 Rc7 44. Ke3 c3 45. Nxg6 Bb2 46. Kd3 Ra7 47. Re2 Rxa2 48. Ne7+ Kd6 49. Nxf5+ Kd7 1/2-1/2

[Event "GER-chB Seniors 26th"]
[Site "Bad Neuenahr"]
[Date "2014.08.12"]
[Round "8"]
[White "Reinke, Kurt"]
[Black "Lemme, Klaus"]
[Result "0-1"]
[WhiteElo "1917"]
[BlackElo "1892"]
[PlyCount "36"]
[EventDate "2014.08.05"]
[EventType "swiss"]
[EventRounds "9"]
[EventCountry "GER"]
[SourceTitle "EXT 2018"]
[Source "ChessBase"]
[SourceDate "2017.10.13"]
[SourceVersion "1"]
[SourceVersionDate "2017.10.13"]
[SourceQuality "1"]

1. d4 Nf6 2. c4 c5 3. d5 b5 4. cxb5 e6 5. Nc3 exd5 6. Nxd5 Bb7 7. Nc3 d5 8. Nf3 Bd6 9. e3 0-0 10. Be2 a6 11. 0-0 Re8 12. bxa6 Nxa6 13. Bb5 Re7 14. Kh1 Nc7 15. Be2 Qd7 16. Qc2 Ree8 17. Bd2 h6 18. Nh4 d4 0-1

[Event "GER-chB Seniors 26th"]
[Site "Bad Neuenahr"]
[Date "2014.08.08"]
[Round "4"]
[White "Knoblach, Norbert"]
[Black "Lemme, Klaus"]
[Result "1/2-1/2"]
[WhiteElo "1810"]
[BlackElo "1892"]
[PlyCount "50"]
[EventDate "2014.08.05"]
[EventType "swiss"]
[EventRounds "9"]
[EventCountry "GER"]
[SourceTitle "EXT 2018"]
[Source "ChessBase"]
[SourceDate "2017.10.13"]
[SourceVersion "1"]
[SourceVersionDate "2017.10.13"]
[SourceQuality "1"]

1. d4 d5 2. c4 c6 3. cxd5 cxd5 4. Nf3 Nf6 5. Nc3 Nc6 6. e3 e6 7. a3 Be7 8. Bd3 0-0 9. 0-0 Qc7 10. Bd2 e5 11. dxe5 Nxe5 12. Be2 a6 13. Rc1 Qb8 14. h3 b5 15. b4 Nc4 16. Bxc4 dxc4 17. Nd4 Bd7 18. e4 Qe5 19. Nf3 Qe6 20. Nd4 Qd6 21. Be3 Rfd8 22. Rc2 Bf8 23. Rd2 Qe7 24. Qf3 Rac8 25. Rfd1 Qe8 1/2-1/2

[Event "SVR-ch MAT-B"]
[Site "Hoehr-Grenzhausen"]
[Date "2004.??.??"]
[Round "?"]
[White "Kutzner, Stephen"]
[Black "Lemme, Klaus"]
[Result "1-0"]
[WhiteElo "1940"]
[BlackElo "1825"]
[PlyCount "57"]
[EventDate "2004.??.??"]
[EventType "tourn"]
[EventRounds "9"]
[EventCountry "GER"]
[SourceTitle "EXT 2009"]
[Source "ChessBase"]
[SourceDate "2008.11.26"]
[SourceVersion "1"]
[SourceVersionDate "2008.11.26"]
[SourceQuality "1"]

1. e4 c5 2. Nf3 d6 3. d4 cxd4 4. Nxd4 Nf6 5. Nc3 g6 6. Be3 Bg7 7. f3 0-0 8. Qd2 Nc6 9. Bc4 Bd7 10. 0-0-0 Qa5 11. Bb3 Rfc8 12. Kb1 Ne5 13. Qe2 Qa6 14. Qxa6 bxa6 15. h4 Nc4 16. Bc1 h5 17. Bg5 Kf8 18. g4 hxg4 19. f4 Be6 20. f5 Na3+ 21. bxa3 Bxb3 22. axb3 Rxc3 23. fxg6 Nxe4 24. gxf7 Nf2 25. Rhf1 Bxd4 26. Rxd4 Rf3 27. Rxg4 Nxg4 28. Rxf3 Kg7 29. Bxe7 1-0

[Event "SVR-ch MAT-B"]
[Site "Hoehr-Grenzhausen"]
[Date "2004.??.??"]
[Round "?"]
[White "Lemme, Klaus"]
[Black "Schluenss, Florian"]
[Result "0-1"]
[WhiteElo "1825"]
[BlackElo "1770"]
[PlyCount "100"]
[EventDate "2004.??.??"]
[EventType "tourn"]
[EventRounds "9"]
[EventCountry "GER"]
[SourceTitle "EXT 2009"]
[Source "ChessBase"]
[SourceDate "2008.11.26"]
[SourceVersion "1"]
[SourceVersionDate "2008.11.26"]
[SourceQuality "1"]

1. Nf3 d5 2. d4 Nf6 3. c4 e6 4. Nc3 b6 5. g3 Bb7 6. Bg2 Nbd7 7. cxd5 Nxd5 8. Nxd5 Bxd5 9. 0-0 Be7 10. b3 0-0 11. Bb2 c5 12. dxc5 Nxc5 13. e3 Bf6 14. Bxf6 Qxf6 15. Qd4 Qe7 16. b4 Rfd8 17. Qh4 Qxh4 18. Nxh4 Na4 19. Bxd5 Rxd5 20. Rfd1 Nc3 21. Rxd5 Nxd5 22. a3 Rc8 23. Nf3 Rc3 24. Nd4 a6 25. Ne2 Rd3 26. Nf4 Nxf4 27. exf4 Kf8 28. Kf1 Ke7 29. Ke2 Rb3 30. Ra2 Kf6 31. f3 Kf5 32. Kf2 h5 33. Ke2 h4 34. Kf2 h3 35. Ke2 Rb1 36. Ke3 Rg1 37. g4+ Kg6 38. Ke4 Rg2 39. Ra1 Rxh2 40. a4 Rb2 41. b5 a5 42. f5+ exf5+ 43. gxf5+ Kf6 44. Kf4 h2 45. Rh1 Rg2 46. Ke4 Kg5 47. Kd5 Rc2 48. f6 gxf6 49. Rxh2 Rxh2 50. Kc6 Ra2 0-1

[Event "SVR-ch MAT-B"]
[Site "Hoehr-Grenzhausen"]
[Date "2004.??.??"]
[Round "?"]
[White "Lemme, Klaus"]
[Black "Westphal, Klaus"]
[Result "1/2-1/2"]
[WhiteElo "1825"]
[BlackElo "1965"]
[PlyCount "48"]
[EventDate "2004.??.??"]
[EventType "tourn"]
[EventRounds "9"]
[EventCountry "GER"]
[SourceTitle "EXT 2009"]
[Source "ChessBase"]
[SourceDate "2008.11.26"]
[SourceVersion "1"]
[SourceVersionDate "2008.11.26"]
[SourceQuality "1"]

1. Nf3 Nf6 2. d4 g6 3. c4 Bg7 4. Nc3 d5 5. e3 0-0 6. Bd3 dxc4 7. Bxc4 c5 8. 0-0 a6 9. dxc5 Qa5 10. Bb3 Nbd7 11. c6 bxc6 12. Bd2 Qc7 13. Rc1 Bb7 14. e4 c5 15. Qe2 e6 16. Bc4 Nb6 17. Rfe1 Rfd8 18. Bg5 Rd7 19. b3 h6 20. Bh4 Nh5 21. Bg3 Nxg3 22. hxg3 Bd4 23. Qc2 Nxc4 24. bxc4 Bc6 1/2-1/2

[Event "SVR-ch MAT-B"]
[Site "Hoehr-Grenzhausen"]
[Date "2004.??.??"]
[Round "?"]
[White "Zirwes, Hans Juergen"]
[Black "Lemme, Klaus"]
[Result "1/2-1/2"]
[WhiteElo "1800"]
[BlackElo "1825"]
[PlyCount "83"]
[EventDate "2004.??.??"]
[EventType "tourn"]
[EventRounds "9"]
[EventCountry "GER"]
[SourceTitle "EXT 2009"]
[Source "ChessBase"]
[SourceDate "2008.11.26"]
[SourceVersion "1"]
[SourceVersionDate "2008.11.26"]
[SourceQuality "1"]

1. d4 d5 2. Nf3 Nf6 3. Nbd2 e6 4. e3 Nbd7 5. Bd3 Bd6 6. 0-0 0-0 7. Re1 e5 8. dxe5 Nxe5 9. Nxe5 Bxe5 10. f4 Bd6 11. Nf3 c6 12. Bd2 Ne4 13. c4 Bg4 14. Rf1 Nxd2 15. Qxd2 dxc4 16. Bxc4 Bc5 17. Qc3 Qb6 18. Kf2 Be6 19. Bxe6 fxe6 20. g3 Be7 21. Rad1 Rad8 22. b3 Bf6 23. Qc4 Rd5 24. Qe4 Re8 25. g4 Qd8 26. Qc2 g6 27. e4 Qb6+ 28. Kg3 Rxd1 29. Rxd1 Rd8 30. e5 Rxd1 31. Qxd1 Qd8 32. Qd2 Be7 33. g5 c5 34. h4 Kg7 35. Qxd8 Bxd8 36. Nd2 Ba5 37. Nc4 Be1+ 38. Kg4 b5 39. Nd6 a6 40. a4 c4 41. axb5 cxb3 42. bxa6 1/2-1/2

[Event "Rheinland-ch MAT A"]
[Site "Koblenz"]
[Date "2003.04.17"]
[Round "7"]
[White "Braemigk, Uwe"]
[Black "Lemme, Klaus"]
[Result "1/2-1/2"]
[WhiteElo "2088"]
[BlackElo "1861"]
[PlyCount "38"]
[EventDate "2003.04.11"]
[EventType "tourn"]
[EventRounds "9"]
[EventCountry "GER"]
[SourceTitle "EXT 2004"]
[Source "ChessBase"]
[SourceDate "2003.11.25"]
[SourceVersion "1"]
[SourceVersionDate "2003.11.25"]
[SourceQuality "1"]

1. f4 g6 2. Nf3 Nf6 3. b3 Bg7 4. Bb2 0-0 5. e3 b6 6. Be2 Bb7 7. 0-0 c5 8. Na3 Nc6 9. Qe1 d6 10. h3 Nh5 11. Bxg7 Nxg7 12. c3 e5 13. fxe5 dxe5 14. Rd1 e4 15. Nh2 Ne5 16. Qg3 Qe7 17. Nc4 Nxc4 18. Bxc4 Kh8 19. Ng4 f5 1/2-1/2

[Event "Rheinland-ch MAT A"]
[Site "Koblenz"]
[Date "2003.04.13"]
[Round "4"]
[White "Melnikov, Alexandr"]
[Black "Lemme, Klaus"]
[Result "1/2-1/2"]
[WhiteElo "2020"]
[BlackElo "1861"]
[PlyCount "126"]
[EventDate "2003.04.11"]
[EventType "tourn"]
[EventRounds "9"]
[EventCountry "GER"]
[SourceTitle "EXT 2004"]
[Source "ChessBase"]
[SourceDate "2003.11.25"]
[SourceVersion "1"]
[SourceVersionDate "2003.11.25"]
[SourceQuality "1"]

1. e4 c5 2. Nf3 d6 3. Nc3 Nc6 4. a3 Nf6 5. b4 cxb4 6. axb4 Nxb4 7. Rb1 Nc6 8. d4 Rb8 9. Bd3 g6 10. 0-0 Bg7 11. d5 Ne5 12. Nxe5 dxe5 13. Be3 b6 14. Ra1 Ra8 15. Qb1 Nd7 16. Qa2 0-0 17. Rfb1 Bb7 18. Rb3 Qc8 19. Nb5 Nc5 20. Bxc5 bxc5 21. Nxa7 Qc7 22. Qb1 Bxd5 23. Nb5 Rxa1 24. Qxa1 Qd8 25. Rc3 Bc6 26. Rxc5 Bxb5 27. Rxb5 Qd4 28. Qa6 Rd8 29. g3 e6 30. Qa5 Rc8 31. Qa6 Rd8 32. Qb6 Qxb6 33. Rxb6 Bf8 34. Rc6 Rd6 35. Rc8 Kg7 36. Kf1 Be7 37. Ke2 Rd8 38. Rc6 Rd6 39. Rc7 Bd8 40. Rc5 Bf6 41. Bb5 Rb6 42. c4 h5 43. h4 g5 44. hxg5 Bxg5 45. f4 Bf6 46. fxe5 Be7 47. Rc7 Kf8 48. Rc8+ Kg7 49. Re8 Ba3 50. Kf3 Bb2 51. g4 hxg4+ 52. Kxg4 Bxe5 53. Re7 Rb8 54. Rd7 Rc8 55. Rb7 Rc7 56. Rb6 Rc5 57. Ra6 Rc7 58. Ra3 Bd4 59. Rg3 Kf6 60. Rf3+ Ke5 61. Be8 f5+ 62. exf5 Rg7+ 63. Kh3 exf5 1/2-1/2

[Event "Rheinland-ch MAT A"]
[Site "Koblenz"]
[Date "2003.04.12"]
[Round "2"]
[White "Reifenroether, Michael"]
[Black "Lemme, Klaus"]
[Result "1/2-1/2"]
[WhiteElo "1833"]
[BlackElo "1861"]
[PlyCount "26"]
[EventDate "2003.04.11"]
[EventType "tourn"]
[EventRounds "9"]
[EventCountry "GER"]
[SourceTitle "EXT 2004"]
[Source "ChessBase"]
[SourceDate "2003.11.25"]
[SourceVersion "1"]
[SourceVersionDate "2003.11.25"]
[SourceQuality "1"]

1. e4 c5 2. f4 Nc6 3. Nf3 d6 4. Bc4 Nf6 5. d3 e6 6. 0-0 Be7 7. c3 0-0 8. Re1 Bd7 9. Bb3 Qb6 10. c4 Nd4 11. Nc3 Nxb3 12. Qxb3 Qxb3 13. axb3 Bc6 1/2-1/2